Top 10 Ball Handlers NBA 2025 - Statistics

General Stats
  • This quiz has been taken 143 times
  • The average score is 7 of 10
Answer Stats
# Answer % Correct
1 Kyrie Irving
98%
2 Stephen Curry
92%
5 Luka Doncic
80%
7 Damian Lillard
70%
8 James Harden
69%
4 Trae Young
69%
9 Shai Gilgeous-Alexander
64%
6 Jalen Brunson
63%
3 Ja Morant
55%
10 Devin Booker
52%
No matching quizzes found
Score Distribution
Percent of People with Each Score
Percentile by Number Answered
Your Score History
You have not taken this quiz